[Event "Regionalliga SO9596"]
[Site "Bayern"]
[Date "1996.??.??"]
[Round "?"]
[White "Zauner, Josef"]
[Black "Neumueller, Theo"]
[Result "1-0"]
[WhiteElo "2115"]
[BlackElo "1980"]

1.e4 e6 2.d4 d5 3.Nc3 Bb4 4.e5 Ne7 5.a3 Bxc3+ 6.bxc3 c5 7.h4 Nbc6 8.h5 Qa5
9.Bd2 cxd4 10.cxd4 Qa4 11.Bc3 Bd7 12.h6 gxh6 13.Rb1 Na5 14.Rh3 Rc8 15.Ne2 Nc4
16.Bb4 Ng6 17.Nc3 Qc6 18.Bxc4 Qxc4 19.Bd6 Nf4 20.Rb4 Qc6 21.Rg3 Nxg2+ 22.Kf1 Nh4
23.Qg4 Ng6 24.Qf3 f5 25.Qh5 f4 26.Rxg6  1-0

[Event "Bled op-B"]
[Site "Bled"]
[Date "1996.??.??"]
[Round "4"]
[White "Pazlar, Marko"]
[Black "Kostanjsek, Zorko"]
[Result "0-1"]
[WhiteElo "1980"]
[BlackElo "2195"]

1.e4 e6 2.d4 d5 3.Nc3 Bb4 4.e5 b6 5.a3 Bf8 6.Nf3 Ba6 7.Bxa6 Nxa6 8.Qd3 Nb8
9.Ne2 Qd7 10.O-O Ne7 11.Be3 a6 12.Ng3 h5 13.h4 Ng6 14.Ne2 Be7 15.g3 c5 16.c4 dxc4
17.Qxc4 b5 18.Qc2 Qc6 19.Ng5 cxd4 20.Qxc6+ Nxc6 21.Nxd4 Ncxe5 22.a4 b4 23.Rac1 O-O
24.Rc7 Rad8 25.Ndxe6 fxe6 26.Nxe6 Rc8 27.Ra7 Rf6 28.Nc7 Rf7 29.Nxa6 Rc2 30.b3 Rc3
31.Rb1 Ng4 32.Bd4 Rd3 33.Bc5 Bxc5 34.Nxc5 Rd2 35.Rxf7 Kxf7 36.a5 Ra2 37.a6 N6e5
38.Rd1 Nxf2  0-1

[Event "Bled op-B"]
[Site "Bled"]
[Date "1996.??.??"]
[Round "4"]
[White "Grilc, Andrej"]
[Black "Hasanov, Marat"]
[Result "1/2-1/2"]
[WhiteElo "2015"]
[BlackElo "2270"]

1.e4 e6 2.d4 d5 3.Nc3 Bb4 4.e5 b6 5.a3 Bf8 6.Bb5+ c6 7.Bd3 Ba6 8.Bxa6 Nxa6
9.Qd3 Nc7 10.Nge2 c5 11.h4 Qd7 12.Rh3 Ne7 13.Be3 Nc6 14.Nf4 O-O-O 15.Nh5 c4
16.Qe2 Kb7 17.Rg3 Ne8 18.Qf3 Rc8 19.Rg4 a6 20.Rf4  1/2-1/2

[Event "SLO-chT"]
[Site "Bled"]
[Date "1996.??.??"]
[Round "6"]
[White "Tompa, Neda"]
[Black "Bukic, V."]
[Result "1-0"]
[WhiteElo "1610"]
[BlackElo "2160"]

1.e4 e6 2.d4 d5 3.Nc3 Bb4 4.e5 b6 5.a3 Bf8 6.f4 Ne7 7.Nf3 Ba6 8.Bxa6 Nxa6
9.Qd3 Nb8 10.g4 h5 11.g5 g6 12.Bd2 Nd7 13.O-O-O Nf5 14.Ne2 Be7 15.Ng3 Ng7
16.Kb1 O-O 17.Nh4 c5 18.c3 Kh7 19.Rhg1 Rh8 20.Rdf1 Nf8 21.f5 Bxg5 22.fxg6+ Nxg6
23.Nxg6 fxg6 24.Nxh5 Nxh5 25.Rxg5 Qg8 26.Rxh5+ Kg7 27.Rg5 Qh7 28.Rf6 Rhg8
29.Rfxg6+ Kh8 30.Rh6  1-0

[Event "POL-ch (Women)"]
[Site "Brzeg Dolny"]
[Date "1996.??.??"]
[Round "10"]
[White "Romaszko, Sylwia"]
[Black "Bobrowska, Monika"]
[Result "0-1"]
[WhiteElo "2050"]
[BlackElo "2305"]

1.e4 e6 2.d4 d5 3.Nc3 Bb4 4.e5 b6 5.Bb5+ c6 6.Bd3 Ba6 7.Ne2 h5 8.h4 Nh6 9.Nf4 Bxd3
10.Nxd3 Bxc3+ 11.bxc3 Nf5 12.g3 Nd7 13.O-O Qc7 14.Re1 c5 15.Bb2 O-O-O 16.Qd2 Rdg8
17.Kh2 Qd8 18.dxc5 bxc5 19.Qf4 c4 20.Nc1 g5 21.hxg5 Rxg5 22.Ne2 Rg4 23.Qf3 Qg8
24.Nd4 h4 25.Nxf5 hxg3+ 26.Kg1 exf5 27.Qxd5 gxf2+ 28.Kxf2 Rh2+ 29.Ke3 Qg5+  0-1

[Event "Spring op"]
[Site "Budapest"]
[Date "1996.??.??"]
[Round "1"]
[White "Csapo, Zoltan"]
[Black "Domschitz, Lajos"]
[Result "1-0"]
[WhiteElo "2335"]
[BlackElo "2080"]

1.e4 e6 2.d4 d5 3.Nc3 Bb4 4.e5 Ne7 5.f4 c5 6.Bd2 a6 7.a3 Bxc3 8.bxc3 O-O
9.Nf3 Nbc6 10.Bd3 h6 11.O-O c4 12.Be2 Ng6 13.Qe1 Nce7 14.g4 Kh7 15.Qg3 Rh8
16.h4 Kg8 17.h5 Nf8 18.Nh4 g6 19.Kf2 Nh7 20.hxg6 fxg6 21.Rh1 Qf8 22.Raf1 Qg7
23.Qe3 Bd7 24.Ke1 Kf7 25.Rhg1  1-0

[Event "Budapest FS05 IM"]
[Site "Budapest"]
[Date "1996.??.??"]
[Round "2"]
[White "Farago, Sandor"]
[Black "Skorna, Ullrich"]
[Result "1-0"]
[WhiteElo "2365"]
[BlackElo "2205"]

1.e4 e6 2.d4 d5 3.Nc3 Bb4 4.e5 Ne7 5.a3 Bxc3+ 6.bxc3 c5 7.Bd3 Nbc6 8.Nf3 c4
9.Be2 Qa5 10.Qd2 Qa4 11.O-O Bd7 12.Rb1 O-O-O 13.Ng5 Rdf8 14.Bh5 Ng6 15.Qe2 Be8
16.Bg4 Kb8 17.Bxe6 fxe6 18.Nxe6 Rf7 19.f4 Re7 20.Nc5 Qa5 21.Qf3 Bf7 22.e6 Bxe6
23.f5 Bxf5 24.Qg3+ Ka8 25.Rxf5 Rhe8 26.Bg5 Nxd4 27.cxd4 Re1+ 28.Rxe1 Rxe1+
29.Rf1 Rxf1+ 30.Kxf1 Qb6 31.Qe1 a6 32.Qb4 Qc7 33.Kg1 Ka7 34.Bd8 Qc6 35.Na4 Qe6
36.Qb6+  1-0

[Event "Budapest FS02 GM"]
[Site "Budapest"]
[Date "1996.??.??"]
[Round "13"]
[White "Enders, Peter"]
[Black "Gdanski, Jacek"]
[Result "0-1"]
[WhiteElo "2495"]
[BlackElo "2480"]

1.e4 e6 2.d4 d5 3.Nc3 Bb4 4.e5 Ne7 5.a3 Bxc3+ 6.bxc3 c5 7.Nf3 b6 8.Bb5+ Bd7
9.Bd3 c4 10.Be2 Ba4 11.Bf4 Nbc6 12.h3 h6 13.Bh2 Kd7 14.O-O Qg8 15.Ne1 Qh7
16.Rc1 a5 17.Qd2 b5 18.g3 Rhb8 19.Ng2 b4 20.axb4 axb4 21.Ne3 Qe4 22.Rfd1 b3
23.f3 Qg6 24.cxb3 Bxb3 25.Rf1 Ra2 26.Qe1 Bc2 27.Rf2 Rbb2 28.g4 Bd3 29.Bxd3 cxd3
30.Rxb2 Rxb2 31.Rd1 Re2  0-1

[Event "Cairo op"]
[Site "Cairo"]
[Date "1996.??.??"]
[Round "4"]
[White "Doghri, Nabil"]
[Black "Amin, Ashraf"]
[Result "1/2-1/2"]
[WhiteElo "2350"]
[BlackElo "2120"]

1.e4 e6 2.d4 d5 3.Nc3 Bb4 4.e5 Qd7 5.h4 b6 6.Bd2 Ba6 7.Bxa6 Nxa6 8.Qg4 f5
9.Qh5+ g6 10.Qe2 Bxc3 11.Bxc3 Nb8 12.h5 Ne7 13.hxg6 Nxg6 14.Qh5 Qf7 15.Nf3 h6
16.Bd2 c5 17.c3 Nc6 18.O-O-O O-O-O 19.g3 Rdg8 20.Bxh6 Ngxe5 21.dxe5 Rg6 22.Ng5 Qg8
23.f4 Kb7 24.Rd2 Rhxh6 25.Qxh6 Rxh6 26.Rxh6 Nxe5 27.Rxe6 Nc4 28.Rh2 d4 29.b3 Na5
30.c4 Ka6 31.Rh7 Qa8 32.Rh2 Nc6 33.Kd2 d3 34.Nf3 Nd4 35.Nxd4 cxd4 36.Rh7 Qf3
37.Ree7 Qf2+ 38.Kxd3 Qxg3+ 39.Kxd4 Qxf4+ 40.Kd5 Qf3+ 41.Ke6 Ka5 42.Rxa7+ Kb4
43.Raf7 Qe4+ 44.Kd6 f4 45.Rh6 Qa8 46.Rhf6 Qxa2 47.Rxf4 Kxb3 48.Kc6 Qa6 49.R7f6 Kc3
50.Kc7 Qa7+  1/2-1/2

[Event "Cairo op"]
[Site "Cairo"]
[Date "1996.??.??"]
[Round "9"]
[White "Labib, Ibrahim Hasan"]
[Black "Mohamed, Farag Amrou"]
[Result "1-0"]
[WhiteElo "2195"]
[BlackElo "2365"]

1.e4 e6 2.d4 d5 3.Nc3 Bb4 4.e5 b6 5.a3 Bf8 6.Nf3 a5 7.Bb5+ c6 8.Ba4 b5 9.Bb3 Nd7
10.Ne2 c5 11.c3 c4 12.Bc2 Ne7 13.Ng5 g6 14.Nf4 Nb6 15.h4 h6 16.Nh5 Nd7 17.Nxe6 fxe6
18.Nf4 Nb6 19.Nxg6 Nxg6 20.Bxg6+ Kd7 21.Rh3 Kc6 22.Qh5 Ra7 23.g4 Rg8 24.Be8+ Bd7
25.Bf7 Rh8 26.g5 Na4 27.Rf3 b4 28.axb4 axb4 29.Qg6 Kc7 30.Bxe6 Ra6 31.Rf6 Rxe6
32.Rxe6 Qb8 33.Ra6 bxc3 34.bxc3 Qb3 35.Rb1 Qxc3+ 36.Bd2 Qxd4 37.Ba5+  1-0

[Event "Calcutta op"]
[Site "Calcutta"]
[Date "1996.??.??"]
[Round "4"]
[White "Joydev, Saha"]
[Black "Imocha, Laisram"]
[Result "1-0"]
[WhiteElo "2135"]
[BlackElo "2300"]

1.e4 e6 2.d4 d5 3.Nc3 Bb4 4.e5 b6 5.Qg4 Bf8 6.Bd3 Ne7 7.Bg5 h6 8.Qh4 a6 9.Nf3 c5
10.O-O Qc7 11.Qh3 Nbc6 12.Be3 Nb4 13.Rac1 c4 14.Be2 Nf5 15.Nh4 Nxh4 16.Qxh4 Qe7
17.Qg3 b5 18.f4 g6 19.Bf3 Qd8 20.Qf2 h5 21.Kh1 Nc6 22.Qe1 Ne7 23.Bf2 Nf5
24.Ne2 Bh6 25.g4 hxg4 26.Bxg4 Bf8 27.Bxf5 exf5 28.Ng1 Be6 29.Nf3 Be7 30.Rg1 Rh5
31.Qe3 Kd7 32.Be1 Qb6 33.a3 Rah8 34.Bb4 Bd8 35.Ra1 a5 36.Bc5 Qb7 37.Rg3 Kc6
38.Rag1 Qd7 39.Qd2 Kb7 40.R1g2 Ka6 41.Qc3 Qe8 42.b3 Bh4 43.Nxh4 Rxh4 44.Qd2 Rg4
45.h3 Rhh4 46.Rf3 Qh8 47.Rh2 g5 48.hxg4 fxg4 49.Rc3 Rxh2+ 50.Qxh2 Qxh2+ 51.Kxh2 gxf4
52.b4 Bf5 53.Bd6 g3+ 54.Kg2 Be4+ 55.Rf3  1-0

[Event "Calcutta op"]
[Site "Calcutta"]
[Date "1996.??.??"]
[Round "5"]
[White "Bakre, Tejas"]
[Black "Gokhale, Jayant Suresh"]
[Result "1-0"]
[WhiteElo "2170"]
[BlackElo "2375"]

1.e4 e6 2.d4 d5 3.Nc3 Bb4 4.e5 b6 5.a3 Bf8 6.Nf3 Ba6 7.Bxa6 Nxa6 8.Ne2 Qd7
9.O-O c5 10.c3 Ne7 11.Qd3 Nb8 12.Ng5 Ng6 13.f4 Be7 14.f5 exf5 15.Rxf5 Bxg5
16.Bxg5 Nc6 17.Raf1 O-O 18.Ng3 Nd8 19.Nh5 Ne6 20.Bf6 Qa4 21.Bxg7  1-0

[Event "Doeberl Cup"]
[Site "Canberra"]
[Date "1996.??.??"]
[Round "5"]
[White "Gluzman, Mikhail"]
[Black "Johansen, Darryl K"]
[Result "0-1"]
[WhiteElo "2425"]
[BlackElo "2510"]

1.e4 e6 2.d4 d5 3.Nc3 Bb4 4.e5 b6 5.a3 Bxc3+ 6.bxc3 Qd7 7.a4 Ba6 8.Bxa6 Nxa6
9.Ne2 Nb8 10.Ba3 Nc6 11.Qd3 f6 12.exf6 Nxf6 13.O-O Kf7 14.f4 Rhe8 15.Qh3 Kg8
16.g4 Ne4 17.Ng3 Nd2 18.Rf2 Nc4 19.Nh5 Kh8 20.g5 Nxa3 21.Rxa3 Ne7 22.Ra1 c5
23.Re2 cxd4 24.Rae1 Nf5 25.g6 dxc3 26.Ng3 Nh6 27.Rxe6 Qxa4 28.Nh5 Rxe6 29.Qxe6 Qxc2
30.Qxd5 Qxg6+ 31.Ng3 Re8 32.Rc1 Ng4 33.f5 Qh6 34.Rc2 Re1+  0-1

[Event "Cannes Martinez op"]
[Site "Cannes"]
[Date "1996.??.??"]
[Round "7"]
[White "Delanoy, Arnaud"]
[Black "Mallet, Lionel"]
[Result "0-1"]
[WhiteElo "2150"]
[BlackElo "2165"]

1.e4 e6 2.d4 d5 3.Nc3 Bb4 4.e5 b6 5.h4 Qd7 6.a3 Bxc3+ 7.bxc3 Nc6 8.Nh3 Nge7
9.Nf4 Bb7 10.Nh5 Kf8 11.Rh3 Na5 12.Qg4 Nf5 13.Bd3 Rg8 14.Qf4 Qc6 15.Bd2 h6
16.g4 g5 17.Qf3 Ke7 18.Rh1 Nxh4 19.Qf6+ Ke8 20.Ng7+ Kf8 21.Bb5 Rxg7 22.Bxc6 Bxc6
23.Rxh4 Rg6 24.Qf3 gxh4 25.O-O-O Nc4 26.Rh1 Ke7 27.Rxh4 Rag8 28.Bxh6 Nxa3
29.g5 Nc4 30.Kd1 a5 31.Rf4 Be8 32.Ke2 a4 33.Qh1 Bb5 34.Kf3 Nd2+ 35.Kg4 Be2+
36.f3 Ne4 37.Qh2 Bd1 38.Qg1 Rxh6 39.Qxd1 Nf2+  0-1

[Event "Cappelle op"]
[Site "Cappelle la Grande "]
[Date "1996.??.??"]
[Round "2"]
[White "Hebden, Mark"]
[Black "Danielian, Oganes"]
[Result "1/2-1/2"]
[WhiteElo "2540"]
[BlackElo "2450"]

1.e4 e6 2.d4 d5 3.Nc3 Bb4 4.e5 b6 5.Bd2 Qd7 6.Nf3 h6 7.Ne2 Bf8 8.Nf4 Ne7
9.Rc1 c6 10.b3 c5 11.dxc5 bxc5 12.c4 Bb7 13.Bd3 Nbc6 14.Qe2 dxc4 15.Bxc4 Nf5
16.O-O Be7 17.Bc3 O-O 18.Rfd1 Qc7 19.h3 Rad8 20.Bd3 Rfe8 21.Be4 Rxd1+ 22.Rxd1 Nb4
23.Bxb4 Bxe4 24.Qxe4 cxb4 25.Nd5 Qa5 26.Rd2 Bc5 27.Nf4 Rd8 28.Rxd8+ Qxd8
29.g4 Nd4 30.Nxd4 Bxd4 31.Nd3 a5 32.Kg2 Bc3 33.f4 g6 34.Kf3 Qd7 35.h4 Kg7
36.h5 gxh5 37.gxh5 Qc8 38.Kg4 Qd8 39.Kh3 Qb6 40.Kg2 Qd8 41.Kh3 Qb6 42.Qf3 Bd4
43.f5 exf5 44.Qxf5 Be3 45.Qe4 Bg5 46.Kg2 Bd2 47.Nb2 Qd8 48.Kh3 Bg5 49.Qe2 Qd5
50.Nc4 Qh1+ 51.Kg3 Bh4+ 52.Kg4 Bg5 53.Qf3 Qh4+ 54.Kf5 a4 55.e6 axb3 56.axb3 Qd4
57.exf7 Qf6+ 58.Kg4 Qxf3+ 59.Kxf3 Kxf7 60.Ke4 Ke6 61.Ne5 Bd2 62.Nd3  1/2-1/2

[Event "Cappelle op"]
[Site "Cappelle la Grande "]
[Date "1996.??.??"]
[Round "6"]
[White "Grechihin, Valery"]
[Black "Nenashev, Alexander"]
[Result "0-1"]
[WhiteElo "2480"]
[BlackElo "2595"]

1.e4 e6 2.d4 d5 3.Nc3 Bb4 4.e5 Ne7 5.Bd3 c5 6.a3 Bxc3+ 7.bxc3 c4 8.Be2 Bd7
9.Nh3 Ba4 10.O-O Nbc6 11.Nf4 Qa5 12.Bd2 O-O-O 13.Nh5 Rhg8 14.f4 Rdf8 15.Bg4 Kb8
16.Kh1 Ka8 17.Bh3 Nd8 18.Re1 Qc7 19.Re2 Qd7 20.g4 f5 21.exf6 gxf6 22.g5 f5
23.Nf6 Rxf6 24.gxf6 Ng6 25.Be3 Rf8 26.Qg1 Nf7 27.Bg2 Nd6 28.Bf3 Rxf6 29.Qg5 Rf7
30.h4 Ne4 31.Bxe4 fxe4 32.Rg1 b6 33.Reg2 Kb7 34.Qh5 e5 35.Qg4 exf4 36.h5 Qxg4
37.Rxg4 fxe3 38.hxg6 hxg6 39.Re1 Rf3 40.Re2 Bd7 41.Rxg6 Bh3 42.Rd6 Rf1+ 43.Kh2 Rf2+
44.Kxh3 Rxe2 45.Rxd5  0-1

[Event "Capablanca mem-B"]
[Site "Cienfuegos"]
[Date "1996.??.??"]
[Round "2"]
[White "Mitkov, Nikola"]
[Black "Vilela, Jose Luis"]
[Result "1/2-1/2"]
[WhiteElo "2475"]
[BlackElo "2435"]

1.e4 e6 2.Nc3 d5 3.d4 Bb4 4.e5 b6 5.Qg4 Bf8 6.Nh3 Qd7 7.a4 Nc6 8.Be3 Bb7
9.Nf4 g6 10.h4 h5 11.Qd1 Nge7 12.g3 O-O-O 13.Bg2 Nf5 14.Nce2 Kb8 15.Bc1 Na5
16.c3 c5 17.Nh3 cxd4 18.cxd4 Bb4+ 19.Nc3 Nc6 20.Be3 Ba6 21.Rc1 Rc8 22.Bf1 Bxf1
23.Kxf1 Na5 24.Na2 Rxc1 25.Bxc1 Be7 26.Nf4 Rc8 27.Ne2 Qc7 28.Kg2 Qc4 29.Nac3 Bb4
30.Be3 Nb3 31.Rf1 Kb7  1/2-1/2

[Event "Capablanca mem-B"]
[Site "Cienfuegos"]
[Date "1996.??.??"]
[Round "3"]
[White "Diaz, Joaquin C"]
[Black "Pecorelli Garcia, Humberto"]
[Result "0-1"]
[WhiteElo "2410"]
[BlackElo "2430"]

1.e4 e6 2.d4 d5 3.Nc3 Bb4 4.e5 Ne7 5.Bd2 b6 6.Qg4 O-O 7.Bd3 Ba6 8.Bh6 Ng6
9.Bxg6 fxg6 10.Bd2 Qe8 11.h4 Qf7 12.Nf3 Qf5 13.Qxf5 gxf5 14.Ng5 Re8 15.Nd1 Bf8
16.h5 h6 17.Nf3 c5 18.c3 Nc6 19.Be3 Rac8 20.Kd2 Rc7 21.a3 Na5 22.Rb1 Bc4
23.b4 Ba2 24.Nb2 Bxb1 25.Rxb1 cxb4 26.axb4 Nc4+ 27.Nxc4 Rxc4 28.Kd3 Rec8
29.Bd2 a5 30.b5 a4 31.Ne1 a3 32.Ra1 Ra8 33.Ra2 Ra5 34.Nc2 Rca4 35.Nb4 Rxb5
36.Kc2 Rba5 37.Kb3 Ra8 38.Bc1 Bxb4 39.cxb4 b5 40.g3 Kh7 41.f3 g6 42.hxg6+ Kxg6
43.Bxa3  0-1

[Event "Capablanca mem-B"]
[Site "Cienfuegos"]
[Date "1996.??.??"]
[Round "6"]
[White "Diaz, Joaquin C"]
[Black "Vilela, Jose Luis"]
[Result "1/2-1/2"]
[WhiteElo "2410"]
[BlackElo "2435"]

1.e4 e6 2.d4 d5 3.Nc3 Bb4 4.e5 Ne7 5.Bd2 b6 6.Qg4 O-O 7.Bd3 Ba6 8.Bh6 Ng6
9.Bxg6 fxg6 10.Bd2 Qd7 11.h4 Qf7 12.Nf3 Nc6 13.h5 Qf5 14.Qxf5 gxf5 15.h6 g6
16.Ne2 Be7 17.c3 Bxe2 18.Kxe2 Nd8 19.Bg5 Re8 20.Bxe7 Rxe7 21.g4 c5 22.gxf5 exf5
23.Ng5 Ne6 24.Nxe6 Rxe6 25.f4 c4 26.b3 Rc6 27.Kd2 Rac8 28.Rhc1 Kf7 29.bxc4 Rxc4
30.Rab1 Ke6 31.Rb3 Ra4 32.a3 Rc6 33.Ra1 a6 34.Rb4 Rxb4 35.axb4 b5 36.Ra3 Rb6
37.Ke3 Rc6 38.Kf3 Rb6 39.Kg3 Rc6 40.Kh4 Rb6 41.Kg5 Rc6 42.Ra1 Rb6  1/2-1/2

[Event "Capablanca mem-B"]
[Site "Cienfuegos"]
[Date "1996.??.??"]
[Round "7"]
[White "Sariego, Wilfredo"]
[Black "Diaz, Joaquin C"]
[Result "0-1"]
[WhiteElo "2395"]
[BlackElo "2410"]

1.e4 e6 2.d4 d5 3.Nc3 Bb4 4.e5 Ne7 5.Bd2 b6 6.Nb5 Bxd2+ 7.Qxd2 O-O 8.Nf3 Ba6
9.Bd3 c6 10.Nc3 Ng6 11.O-O Bxd3 12.Qxd3 f6 13.Rae1 Nd7 14.Ne2 Qe7 15.c3 fxe5
16.Nxe5 Ngxe5 17.dxe5 Nxe5 18.Qg3 Nc4 19.Nd4 Nd2 20.Rxe6 Nxf1 21.Kxf1 Qf7
22.Rxc6 Rae8 23.Rc7 Qf6 24.Rxa7 Qh6 25.Ne2 Rf6 26.Rd7 Rfe6  0-1

[Event "Capablanca mem-C"]
[Site "Cienfuegos"]
[Date "1996.??.??"]
[Round "11"]
[White "Pupo, Emilio"]
[Black "Matamoros Franco, Carlos S"]
[Result "1/2-1/2"]
[WhiteElo "2435"]
[BlackElo "2430"]

1.e4 e6 2.d4 d5 3.Nc3 Bb4 4.e5 Ne7 5.a3 Bxc3+ 6.bxc3 c5 7.Nf3 h6 8.a4 Qc7
9.Bb5+ Bd7 10.Bd3 Nbc6 11.O-O cxd4 12.cxd4 Nb4 13.Ba3 Nxd3 14.Qxd3 Bc6 15.Bd6 Qd7
16.Qa3 Nc8 17.Bc5 b6 18.Bb4 a5 19.Bd2 Qe7 20.Qc1 Qd7 21.Qa3 Qe7 22.Qb3 O-O
23.Rfe1 Qd7 24.Ra3 Ne7 25.Rea1 Qb7 26.Qb2 Qa6 27.Qc1 Kh7 28.Rb3 Rfc8 29.Nh4 Rc7
30.Rh3 Rh8 31.Raa3 Kg8 32.Rag3 Qe2 33.Re3 Qc4 34.Reg3  1/2-1/2

[Event "Dresden op"]
[Site "Dresden"]
[Date "1996.??.??"]
[Round "6"]
[White "Lawrenz, Alexander"]
[Black "Stolz, Mike"]
[Result "0-1"]
[WhiteElo "2165"]
[BlackElo "2300"]

1.e4 e6 2.d4 d5 3.Nc3 Bb4 4.e5 b6 5.a3 Bf8 6.Nf3 Qd7 7.Bb5 c6 8.Ba4 h6 9.O-O Ba6
10.Ne2 Bb5 11.Bb3 c5 12.c3 Nc6 13.Re1 Rc8 14.Nf4 Nge7 15.dxc5 bxc5 16.Nh5 Ng6
17.Bc2 Qc7 18.Bf4 Nxf4 19.Nxf4 g6 20.Nxd5 exd5 21.e6 f5 22.Nh4 Qg7 23.e7 Bxe7
24.Qxd5 Qf7 25.Qxc5 Ba6 26.Nxg6 Qxg6 27.Bxf5 Qf6 28.Bxc8 Bxc8 29.Qh5+ Qf7
30.Qb5 Bd7 31.Rad1 O-O 32.f3 Be8 33.Re4 Qf5 34.Qc4+ Kh8 35.Rde1 Bc5+ 36.Kh1 Bf7
37.Qa6 Bd5 38.R4e2 Rg8 39.Rf1 Bd6 40.c4 Qf4 41.g3 Bxf3+ 42.Rxf3 Qxf3+ 43.Rg2 Re8  0-1

[Event "Elgoibar"]
[Site "Elgoibar"]
[Date "1996.??.??"]
[Round "3"]
[White "Fernandez Garcia, Jose L"]
[Black "Alvarez Ibarra, D Rafael"]
[Result "1/2-1/2"]
[WhiteElo "2490"]
[BlackElo "2435"]

1.e4 e6 2.d4 d5 3.Nc3 Bb4 4.e5 Ne7 5.a3 Bxc3+ 6.bxc3 b6 7.Qg4 O-O 8.Bg5 Nd7
9.Bd3 f6 10.Nf3 Nf5 11.exf6 Nxf6 12.Qh3 h6 13.Bxf6 Qxf6 14.O-O c5 15.Rad1 Bd7
16.Rfe1 c4 17.Bxf5 Qxf5 18.Qxf5 Rxf5 19.Ne5 Ba4 20.Rd2 Re8 21.h4 Kf8 22.g4 Rf6
23.Kg2 Ke7 24.Kg3 Kd6 25.f3 Ref8 26.Kf2 h5 27.gxh5 Be8 28.Rg1 Rg8 29.Ng6 Bxg6
30.Rxg6 Rxg6 31.hxg6 Rh8 32.Kg3 Rh6 33.f4 Rxg6+  1/2-1/2

[Event "RUS-ch"]
[Site "Elista"]
[Date "1996.??.??"]
[Round "7"]
[White "Galkin, Alexander"]
[Black "Dyachkov, Sergej"]
[Result "1-0"]
[WhiteElo "2425"]
[BlackElo "2515"]

1.e4 e6 2.d4 d5 3.Nc3 Bb4 4.e5 Ne7 5.a3 Bxc3+ 6.bxc3 c5 7.Nf3 Bd7 8.dxc5 Qa5
9.Bd3 Ba4 10.Rb1 Nd7 11.O-O Nxc5 12.Qe2 Bc6 13.Rb4 Ne4 14.Nd4 Nxc3 15.Qg4 Na2
16.Nxc6 bxc6 17.Ra4 Qc7 18.Bb2 Rb8 19.Ba1 c5 20.c3 Qxe5 21.Rxa7 Nxc3 22.Qa4+ Nxa4
23.Bxe5 Nc6 24.Bxb8 Nxa7 25.Bxa7 c4 26.Bc2 Nc3 27.Re1 O-O 28.a4 Ra8 29.Bd4 Nxa4
30.Rb1 f6 31.f4 Ra5 32.Ra1 Nc3 33.Bxc3 Rxa1+ 34.Bxa1 h6 35.Bg6 Kf8 36.Bc3 Ke7
37.Kf2 Kd7 38.Ke3 Kc6 39.Kd4 Kd6 40.Bb4+  1-0

[Event "Espoo op"]
[Site "Espoo"]
[Date "1996.??.??"]
[Round "?"]
[White "Hamalainen, Sami"]
[Black "Kekki, Petri"]
[Result "0-1"]
[WhiteElo "2130"]
[BlackElo "2350"]

1.e4 e6 2.d4 d5 3.Nc3 Bb4 4.e5 Ne7 5.a3 Bxc3+ 6.bxc3 c5 7.Qg4 Qc7 8.Qxg7 Rg8
9.Qxh7 cxd4 10.Ne2 dxc3 11.f4 b6 12.Qd3 Ba6 13.Qxc3 Qxc3+ 14.Nxc3 Bxf1 15.Kxf1 Nf5
16.Nb5 Kd7 17.c3 Nc6 18.a4 Rac8 19.Rb1 Na5 20.Rg1 a6 21.Nd4 Rxc3 22.Bd2 Rd3
23.Bxa5 Rxd4 24.Rxb6 Rc8 25.Rb7+ Ke8 26.Rb2 Rxf4+ 27.Ke2 Rxa4 28.Bb4 a5 29.Bd2 Re4+
30.Kd3 Rxe5 31.Bxa5 Nd6 32.Rgb1 d4 33.Bd2 Rd5 34.Rb8 Kd7 35.Rxc8 Kxc8 36.Rc1+ Kd7
37.Bf4 e5 38.Bxe5 Rxe5 39.Kxd4 Re2 40.Rg1 Ke6 41.h3 Nf5+ 42.Kd3 Ng3 43.Kd4 Kf5
44.Kd3 Kf4 45.Rf1+ Nxf1 46.Kxe2 Ng3+ 47.Kf2 Ne4+ 48.Ke2 Kg3 49.Ke3 Ng5 50.h4 Nh7  0-1

[Event "Espoo op"]
[Site "Espoo"]
[Date "1996.??.??"]
[Round "?"]
[White "Keskisarja, Teemu"]
[Black "Pyhala, Antti"]
[Result "1-0"]
[WhiteElo "2255"]
[BlackElo "2330"]

1.e4 e6 2.d4 d5 3.Nc3 Bb4 4.e5 b6 5.a3 Bf8 6.Bb5+ c6 7.Ba4 Bd7 8.Nce2 c5
9.Bb3 c4 10.Ba2 a5 11.c3 b5 12.Bb1 Nc6 13.f4 g6 14.Nf3 h5 15.O-O Nh6 16.Ng3 h4
17.Nh1 Nf5 18.Nf2 Be7 19.Ng5 Kf8 20.Ng4 Kg7 21.Ne3 Qb6 22.Qf3 Nfxd4 23.cxd4 Nxd4
24.Qg4 Nb3 25.Nxf7 Rhg8 26.Qxg6+ Kf8 27.Qh6+ Kxf7 28.f5 Ke8 29.f6 Bc6 30.fxe7 Kd7
31.Rf8 Nxc1 32.Bf5 Kc7 33.Rxc1 exf5 34.Re1 d4 35.Qd6+ Kb7 36.Nd5 h3 37.Nxb6 Rxg2+
38.Kf1  1-0

[Event "Espoo op"]
[Site "Espoo"]
[Date "1996.??.??"]
[Round "?"]
[White "Shalnev, Nicolai"]
[Black "Kekki, Petri"]
[Result "1/2-1/2"]
[WhiteElo "2295"]
[BlackElo "2350"]

1.e4 e6 2.d4 d5 3.Nc3 Bb4 4.e5 Ne7 5.a3 Bxc3+ 6.bxc3 c5 7.a4 Qa5 8.Qd2 Bd7
9.Nf3 Nbc6 10.Bd3 f6 11.O-O fxe5 12.dxe5 O-O-O 13.Re1 h6 14.Ba3 g5 15.c4 g4
16.Qxa5 Nxa5 17.Nd2 b6 18.cxd5 exd5 19.e6 Bc6 20.Bb2 d4 21.c3 dxc3 22.Ba6+ Bb7
23.Bxb7+ Nxb7 24.Bxc3 Rhe8 25.Nc4 Nd5 26.Bd2 Nd6 27.Nxd6+ Rxd6 28.Bxh6 Rdxe6
29.Rxe6 Rxe6 30.Bg5 Rg6 31.Bd2 a6 32.Rb1 c4 33.Kf1 c3 34.Rc1 Rc6 35.Ke2 Kd7
36.Bg5 b5 37.axb5 axb5 38.Kd3 b4 39.Kc2 Re6 40.Kb3 Kc6 41.h4 Re2 42.Rc2 Re8
43.Ra2 Kb5 44.Be3 Nxe3 45.fxe3 Rxe3 46.Ra8 Re2 47.Rb8+ Kc5 48.Rc8+ Kd4 49.Rd8+ Kc5
50.Rc8+ Kd6 51.Kxb4 c2 52.g3 Kd5 53.Kb3 Rg2 54.h5 Rxg3+ 55.Kxc2 Ke4 56.Kd2 Rh3
57.Ke2 Kf4 58.Kf2 Rh2+ 59.Kg1 g3 60.h6 Kf3 61.Rf8+ Kg4 62.Rg8+ Kf3 63.Rf8+ Kg4
64.Rg8+ Kf4 65.Rf8+ Kg5 66.Rg8+ Kxh6 67.Rh8+ Kg7 68.Rxh2 gxh2+ 69.Kxh2  1/2-1/2

[Event "Espoo op"]
[Site "Espoo"]
[Date "1996.??.??"]
[Round "?"]
[White "Lampen, Timo"]
[Black "Tolonen, Leo Toivovich"]
[Result "1/2-1/2"]
[WhiteElo "2280"]
[BlackElo "2335"]

1.e4 e6 2.d4 d5 3.Nc3 Bb4 4.e5 b6 5.a3 Bf8 6.Bb5+ c6 7.Ba4 Ba6 8.Nce2 Bb5
9.Bb3 c5 10.c3 Nc6 11.Nf3 Qd7 12.O-O Nge7 13.Re1 Bxe2 14.Rxe2 c4 15.Bc2 h6
16.Nd2 Na5 17.Nf1 g6 18.Ne3 Bg7 19.g3 O-O-O 20.b3 cxb3 21.Bxb3 Nxb3 22.Qxb3 Nc6
23.Bb2 Na5 24.Qa2 Qa4 25.Rc1 Nc4 26.Nxc4 Qxc4 27.Qxc4+ dxc4 28.f4 h5 29.h3 Kd7
30.Kf2 Kc6 31.Kf3 Kd5 32.Rb1 a6 33.Bc1 Rb8 34.Reb2 Kc6 35.Ke4 Bf8 36.Rd2 Be7
37.a4 Rhd8 38.Ra1 Rd5 39.Ba3 Bxa3 40.Rxa3 Ra5 41.Raa2 Rd5 42.Rdb2 a5 43.Ra1 b5
44.Rab1 Rb7 45.g4 hxg4 46.hxg4 Rb6 47.Ke3 Rb7 48.Ke4 Rb6 49.Ke3 Rb7 50.Ke4 Rb6
51.Ke3  1/2-1/2

[Event "Espoo We MatSK op"]
[Site "Espoo"]
[Date "1996.??.??"]
[Round "3"]
[White "Rytshagov, Mikhail"]
[Black "Kekki, Petri"]
[Result "1/2-1/2"]
[WhiteElo "2495"]
[BlackElo "2350"]

1.e4 e6 2.d4 d5 3.Nc3 Bb4 4.e5 Ne7 5.a3 Bxc3+ 6.bxc3 c5 7.a4 Bd7 8.Nf3 Qa5
9.Bd2 c4 10.Qb1 Na6 11.Be2 Bxa4 12.O-O b5 13.Ng5 Qb6 14.Bh5 O-O 15.Bc1 Rae8
16.Ba3 g6 17.Bg4 f5 18.exf6 Rxf6 19.Qc1 Nf5  1/2-1/2

[Event "EST-ch"]
[Site "?"]
[Date "1996.??.??"]
[Round "7"]
[White "Zavoronkov, Vladimir"]
[Black "Karner, Hillar"]
[Result "0-1"]
[WhiteElo "2240"]
[BlackElo "2315"]

1.e4 e6 2.d4 d5 3.Nc3 Bb4 4.e5 b6 5.Qg4 Bf8 6.h4 h5 7.Qf4 Ba6 8.Nf3 Bxf1
9.Rxf1 Nc6 10.Ng5 Qd7 11.Bd2 Nh6 12.O-O-O Be7 13.f3 O-O-O 14.Rfe1 Rde8 15.g4 f6
16.Nh3 fxe5 17.dxe5 Bxh4 18.Re3 d4 19.Rd3 hxg4 20.fxg4 Nf7 21.Be3 Nfxe5 22.Rxd4 Qf7
23.Qe4 Qf3 24.Bf4 Qxe4 25.Rxe4 Ng6 26.Rd3 Nxf4 27.Rxf4 e5 28.Re4 Be7 29.a3 Ref8
30.b4 a5 31.Nd5 Bd6 32.Nxb6+ Kb7 33.Nd5 axb4 34.axb4 Nd4 35.Ng5 Rf2 36.Rd2 Rh1+  0-1

[Event "FIN-ch U20"]
[Site "FIN"]
[Date "1996.??.??"]
[Round "3"]
[White "Luukkonen, Tommi"]
[Black "Salmensuu, Olli"]
[Result "0-1"]
[WhiteElo "2100"]
[BlackElo "2280"]

1.e4 e6 2.d4 d5 3.Nc3 Bb4 4.e5 Qd7 5.a3 Bxc3+ 6.bxc3 b6 7.a4 Ba6 8.Bxa6 Nxa6
9.Qg4 f5 10.Qh5+ g6 11.Qe2 Nb8 12.h4 h6 13.Nh3 Nc6 14.Nf4 Nge7 15.g4 O-O-O
16.gxf5 gxf5 17.a5 Kb8 18.axb6 cxb6 19.Qh5 Rdg8 20.Ke2 Rh7 21.Ba3 Rg4 22.Bd6+ Kb7
23.Ke3 Nc8 24.f3 Rg8 25.Rhg1 Rxg1 26.Rxg1 Nxd6 27.exd6 Qxd6 28.Rg6 Na5 29.Nd3 Qh2
30.Ne5  0-1

[Event "FIN-chT 9697"]
[Site "FIN"]
[Date "1996.??.??"]
[Round "5.3"]
[White "Kytoniemi, Jyrki"]
[Black "Salmensuu, Olli"]
[Result "0-1"]
[WhiteElo "2220"]
[BlackElo "2280"]

1.e4 e6 2.d4 d5 3.Nc3 Bb4 4.e5 Qd7 5.Bd2 b6 6.f4 Ba6 7.Bxa6 Nxa6 8.Nf3 Nh6
9.O-O Be7 10.Ne2 c5 11.c3 Nf5 12.g4 Nh6 13.h3 Ng8 14.f5 O-O-O 15.Nf4 Nc7
16.fxe6 fxe6 17.a4 c4 18.b3 cxb3 19.Qxb3 Nh6 20.Nh5 Qe8 21.a5 b5 22.a6 Qg6
23.Nf4 Qe8 24.Ra5 Qc6 25.Nh5 Rhg8 26.Ng5 Rdf8 27.Rxf8+ Rxf8 28.Nxh7 Rf3 29.Kg2 Rd3
30.Be1 g5 31.Ra2 b4 32.Rc2 Qxa6 33.Qb2 Rd1 34.Re2 b3 35.Re3 Qa2 36.Qf2  0-1